Bible character sketches. (Record no. 3484)

000 -LEADER
fixed length control field 00520nam a2200181 a 4500
001 - CONTROL NUMBER
control field :::00001215$&:&@@
003 - CONTROL NUMBER IDENTIFIER
control field OkBaRHE
005 - DATE AND TIME OF LATEST TRANSACTION
control field 20000607103242.0
008 - FIXED-LENGTH DATA ELEMENTS--GENERAL INFORMATION
fixed length control field s1905 j 000 0 eng u
040 ## - CATALOGING SOURCE
Transcribing agency
100 1# - MAIN ENTRY--PERSONAL NAME
Personal name Brinton, John.
245 10 - TITLE STATEMENT
Title Bible character sketches.
260 ## - PUBLICATION, DISTRIBUTION, ETC. (IMPRINT)
Place of publication, distribution, etc London, UK:EN., :
Name of publisher, distributor, etc A. Siegle
Date of publication, distribution, etc c1905
300 ## - PHYSICAL DESCRIPTION
Extent 107 p. ;
Dimensions 19 cm.
650 ## - SUBJECT ADDED ENTRY--TOPICAL TERM
Topical term or geographic name as entry element Bible
General subdivision Biography
942 ## - ADDED ENTRY ELEMENTS (KOHA)
Source of classification or shelving scheme
Koha item type Books
Copies
Full call number Koha item type Damaged status Date last seen Withdrawn status Copy number Not for loan Shelving location Lost status Source of classification or shelving scheme Barcode Date acquired Price effective from Permanent Location
BS 571 .B69Books 2010-04-14 1 General Stacks  12152010-04-142010-04-14RHEMA Bible Training College